Quizzes
Events
Quiz Creation
Community
Videos
Private Events
Remove Ads
Sign In
Join for FREE
Feedback
Dark Mode
Quiz Categories
Sports
Geography
Music
Movies
Television
Just For Fun
Miscellaneous
History
Literature
Language
Science
Gaming
Entertainment
Religion
Holiday
For Kids
Quiz Lab
Recent
Popular Today
Quiz Kudos Today
Editor Picks
Curator Picks
Quizzes by...
Day
Popularity
Type
Ratings
Length
Year
Community
Subscriptions
Recent Discussions
Orange Saloon
Badges
Playlists
Quests
Create
Leaderboards
Showdown
Live 5
Trivia Bingo
Activity
Puzzle Library
Sporcle Events
Private Events
Virtual Trivia
Globe League
Become a Host
Pub Owners
SporcleCon
Opinionation
Our Games
Videos
Blog
Mobile Apps
Partnerships
Remove Ads and Go Orange
Feedback
History
US Presidents
World Leaders
Politics
Nation
Discovery
War
Decade
Year
Century
Biography
Art
History
US Presidents
World Leaders
Politics
Nation
Discovery
War
Decade
Year
Century
Biography
Art
Random Quiz
Search Sporcle
×
Quiz Lab
Quiz Lab
History
Population
Type in answers that appear in a list
Type in answers that appear in a list
Classic
Best Score? Go Orange.
Top 9 American Indian Tribes Stats
Can you name the Top 9 American Indian Tribes?
By
amr318
5m
9 Questions
321 Plays
321 Plays
321 Plays
Comments
Comments
Give Quiz Kudos
Give Quiz Kudos
-
- Ratings
hide this ad
Replay
Link that replays current quiz
Next Quiz
Link to next quiz in quiz playlist
You Got
0%
They Got
Avg Score
63%
Avg Friend Score
Upgrade to see
Score Distribution
Jump to the score distribution portion of the page
Score
0/9
Timer
05:00
0
Plays Today
Population
Tribe
% Correct
729,533
Cherokee
90%
153,360
Sioux
80.7%
96,833
Apache
78.5%
298,197
Navajo
76%
158,774
Choctaw
53.9%
80,822
Iroquois
53.6%
74,085
Pueblo
52.6%
85,750
Blackfeet
52%
149,669
Chippewa
38.6%
Quiz Playlist
Details
Report
Send in Message
Add To Playlist
Classic:
Type in answers that appear in a list
Quiz Source
Last Updated: Feb 16, 2017
Quiz Scoreboard
CHALLENGE
Sign Up to Join the Scoreboard
Show All
Scores
Hide
Comments
May contain spoilers
Recently Published
Alphabetical 'K' Countries by Flag Minefield
by ylime102
Geography
3m
Pick 6: Fruits
by JohnFran
Miscellaneous
15s
Click the 1999 NBA Draft
by nibperrychub
Sports
2m
More to Explore
Quiz From the Vault
Featured Blog Post
15 Basketball Trivia Facts You Can Be March Mad About
hide this ad
You Might Also Like...
Tags
Population Quiz
America
homeland
India
Top 10
traditional
tribe
Today's Top Quizzes in History
Browse History
hide this ad
Today's Top Quizzes in Population
Browse Population
Top Contributed Quizzes in History
1
George Washington, This Is Your Life
2
Julius Caesar, This Is Your Life
3
Harriet Tubman, This Is Your Life
4
John F. Kennedy, This Is Your Life
5
Joseph Stalin, This Is Your Life
6
I Am Born On March 18th
7
John Adams, This Is Your Life
8
Jimmy Carter, This Is Your Life
9
Ancient Greece Key Terms
10
Hungarian Territorial Losses (1920)
Explore More
Trending Topics
NBA
Kpop
Disney
Marvel
Crossword
Anime
Harry Potter
Song
WWE
Pokémon
Country
NFL
Puzzle
Soccer
The Office
hide this ad
More By:
amr318
Quiz
Plays
Rating
Category
Featured
Created
Top 9 American Indian Tribes
321
2.50
History
May 21, 2011
States bordering the Mississippi River
85
4.17
Geography
May 21, 2011
Go to Creator's Profile
Score Distribution
Quiz Creator Spotlight
amr318
Follow
Send a Message
Quizzes Created
-
Created Quiz Play Count
-
More By This Creator
Popular Quizzes Today
1
Find the US States - No Outlines Minefield
2
Countries of Asia Without Outlines Minefield
3
Pick 6: Fruits
4
Alphabetical 'K' Countries by Flag Minefield
5
The Countries of the World
6
Click the 1999 NBA Draft
7
Find the US States
8
Match the Book to the Film X
More History Quizzes
Encyclopedia of Confused Historical Figures
Published
Trending Quizzes
Pick 6: Harry Potter
Pick 6: Mountains
Pick 6: NFL Teams
Pick 6: Golfers
Pick 6: Movie Franchises
Recently Updated
Women's Final Four Teams by Year
bhenderson79
Presidents Quartet II
eogle
Anything But Clue(do)
eogle
Anything But Oceanian Capitals
eogle
Anything But 7
eogle
Anything But Thing
eogle
Word Ladder: February 29
pecheneg
Song Title Questions
pecheneg
Women's NCAA Tournament #1 Seeds
pecheneg
Celebrity Mug Shots
pecheneg
Trending Topics
Kpop
NBA
Marvel
Harry Potter
Crossword
Disney
Anime
Pokémon
Puzzle
The Office
WWE
Soccer
Song
Country
NFL
Your Account Isn't Verified!
In order to create a playlist on Sporcle, you need to verify the email address you used during registration. Go to your
Sporcle Settings
to finish the process.
Report this User
Report this user for behavior that violates our
Community Guidelines
.
Details:
Send Report
Go to the Sporcle.com Mobile Site →
Comments